| 000 | 00414nam a2200169Ia 4500 | ||
|---|---|---|---|
| 008 | 221030s9999 xx 000 0 und d | ||
| 020 | _a8120329737 | ||
| 041 | _aEnglish | ||
| 082 | _a105.23 | ||
| 100 | _aS. Sharma | ||
| 245 | 0 |
_aAdvertising - Planning & Implementation _cby S. Sharma, R. Singh |
|
| 260 |
_bPHI _aNew Delhi _c2010 |
||
| 300 | _a478 | ||
| 650 | _aManagement | ||
| 700 | _aR. Singh | ||
| 942 | _cBK | ||
| 999 |
_c9691 _d9691 |
||